000 01534nam a2200457 i 4500
001 5883
003 KOSZ 005
005 20200708105605.0
008 200708s1973 pl a f f 000 0 pol
015 _aUWD 1974/977
035 _a991028199109705066
035 _a(PL-WaBN)b17635718-48omnis_nlop
035 _ab17635718
035 _a(OCoLC)750035548
035 _a(PL)b0000001763571
035 _a(EXLNZ-48OMNIS_NETWORK)9910082385005606
040 _aWA N
_cWA N
_dKOSZ 005/HR
_dKOSZ 005/RW
046 _k1973
080 _a69
080 _a(07)
100 1 _aStefański, Andrzej
_eAutor
245 1 0 _aTechnologia zmechanizowanych robót budowlanych /
_cAndrzej Stefański.
260 _aWarszawa :
_bPaństwowe Wydawnictwo Naukowe,
_c1973.
300 _a743, [1] strony, [2] strony tablic :
_bilustracje, wykresy ;
_c24 cm.
336 _aTekst
_btxt
_2rdacontent
337 _aBez urządzenia pośredniczącego
_bn
_2rdamedia
338 _aWolumin
_bnc
_2rdacarrier
380 _aKsiążki
380 _aPublikacje fachowe
380 _aPublikacje dydaktyczne
388 _a1901-2000
388 _a1945-1989
504 _aBibliografia na stronach 742-[744].
650 7 _aMaszyny budowlane
_2DBN
655 7 _aPodręcznik
_2DBN
658 _aArchitektura i budownictwo
710 2 _aPaństwowe Wydawnictwo Naukowe
_4pbl
856 _uhttp://koha.tu.koszalin.pl/cgi-bin/koha/opac-detail.pl?biblionumber=5883
_zKatalog online BPK
942 _2UKD
_cKS
999 _c5883
_d5883